[Event "Budapest FS10 IM-A"]
[Site "Budapest"]
[Date "1997.10.14"]
[Round "10"]
[White "Levin, Felix"]
[Black "Mikhalevski, Alexander"]
[Result "1-0"]
[WhiteElo "2475"]
[BlackElo "2470"]

1.d4 Nf6 2.c4 e6 3.Nc3 Bb4 4.Nf3 c5 5.g3 cxd4 6.Nxd4 O-O 7.Bg2 d5 8.cxd5 Nxd5
9.Qb3 Nc6 10.Nxc6 bxc6 11.O-O Rb8 12.a3 Nxc3 13.bxc3 Bd6 14.Qa4 Qc7 15.Qxc6 Qxc6
16.Bxc6 Ba6 17.Bf3 Rfc8 18.Rd1 Be5 19.Bf4 Bxf4 20.gxf4 Rxc3 21.Rd6 Bc4 22.Rc6 g6
23.Rd1 Rbb3 24.Rd8+ Kg7 25.Rdc8 Rb1+ 26.Kg2 Rbc1 27.Be4 h5 28.f3 a5 29.Bd3 Bxd3
30.Rxc3 Rxc3 31.Rxc3 Bxe2 32.Kf2 Bd1 33.Ke1 Ba4 34.Rc5 Kf6 35.Rxa5 Bc6 36.Kf2 Bd5
37.a4  1-0

[Event "Bahn-chT S+W"]
[Site "Friedrichroda"]
[Date "1997.10.28"]
[Round "4.6"]
[White "Draxler, Gottfried"]
[Black "Goedecke, Manfred"]
[Result "1-0"]
[WhiteElo "1839"]
[BlackElo "1636"]

1.d4 Nf6 2.c4 e6 3.Nc3 Bb4 4.Nf3 d5 5.Bg5 h6 6.Bh4 g5 7.Bg3 Ne4 8.Qc2 Nd7
9.e3 f5 10.Be5 Nxe5 11.Nxe5 Qf6 12.Qa4+ c6 13.Qxb4 h5 14.f3 Nxc3 15.bxc3 Rh7
16.Bd3 Rg7 17.Qd6 Qe7 18.Qxe7+ Rxe7 19.Ke2 Bd7 20.g4 hxg4 21.fxg4 Rg7 22.cxd5 cxd5
23.gxf5 exf5 24.Nxd7 Kxd7 25.Bxf5+ Kd6 26.Raf1 Rf8 27.Bg4 Rgf7 28.Rxf7 Rxf7
29.Rf1 Rxf1 30.Kxf1 b5 31.Ke1 a5 32.a3 a4 33.Be2 Kc6 34.Kf2  1-0

[Event "AUT-chT3 9798"]
[Site "Vorarlberg "]
[Date "1997.10.31"]
[Round "3"]
[White "Stenek, Bruno"]
[Black "Mittelberger, Hermann"]
[Result "0-1"]
[WhiteElo "1801"]
[BlackElo "1881"]

1.d4 Nf6 2.c4 e6 3.Nc3 Bb4 4.Nf3 c5 5.a3 Bxc3+ 6.bxc3 Qa5 7.Bd2 Ne4 8.Qc2 Nxd2
9.Nxd2 d6 10.e3 Nd7 11.Bd3 h6 12.O-O O-O 13.f4 Qc7 14.Rf3 b6 15.Raf1 Bb7
16.Rg3 d5 17.f5 Nf6 18.e4 exf5 19.exd5 Nh5 20.Re3 g6 21.Be2 Ng7 22.Bf3 Rfe8
23.Rfe1 Rxe3 24.Rxe3 Re8 25.Qd3 Qf4 26.Rxe8+ Nxe8 27.g3 Qg5 28.Kg2 Nd6 29.Nb3 Ba6
30.dxc5 Bxc4 31.Qd4 bxc5 32.Qxc5 Bxb3 33.Qxd6 Qd2+ 34.Be2 Bc4 35.Qe5  0-1

[Event "Maroczy mem"]
[Site "Szeged"]
[Date "1997.11.14"]
[Round "1"]
[White "Wells, Peter K"]
[Black "Lalic, Bogdan"]
[Result "1/2-1/2"]
[WhiteElo "2530"]
[BlackElo "2600"]

1.d4 Nf6 2.c4 e6 3.Nc3 Bb4 4.Nf3 c5 5.g3 cxd4 6.Nxd4 O-O 7.Bg2 d5 8.cxd5 Nxd5
9.Qb3 Qa5 10.Bd2 Nc6 11.Nxc6 bxc6 12.O-O Bxc3 13.bxc3 Ba6 14.Rfd1 Qc5 15.e4 Bc4
16.Qa4 Nb6 17.Qb4 Qxb4 18.cxb4 Rfd8 19.Be3 e5 20.Rxd8+ Rxd8 21.Bf1 Bb5 22.Rc1 f6
23.Bxb5 cxb5 24.Rc7 Nc4 25.Bxa7 Rd1+ 26.Kg2 Ra1 27.Bc5 Rxa2 28.Rb7 Nd2 29.Rxb5 Nxe4
30.Be3 Rb2 31.Rb8+ Kf7 32.Rb7+ Kg6 33.g4 h5 34.gxh5+ Kxh5 35.Rxg7 Rxb4  1/2-1/2

[Event "Asker 75th"]
[Site "Asker"]
[Date "1997.11.25"]
[Round "4"]
[White "Nielsen, Peter Heine"]
[Black "Akesson, Ralf"]
[Result "1-0"]
[WhiteElo "2515"]
[BlackElo "2520"]

1.d4 Nf6 2.c4 e6 3.Nc3 Bb4 4.Nf3 c5 5.g3 cxd4 6.Nxd4 O-O 7.Bg2 d5 8.cxd5 Nxd5
9.Qb3 Qb6 10.Bxd5 exd5 11.Be3 Nc6 12.Rd1 Qa5 13.O-O Bh3 14.Rfe1 Rfd8 15.Rc1 Rac8
16.a3 Bxc3 17.Rxc3 Nxd4 18.Bxd4 Rc4 19.Rd1 Qa4 20.Qxa4 Rxa4 21.Rc7 Rc8 22.Rxc8+ Bxc8
23.Bxa7 Be6 24.Bd4 h5 25.f3 Rc4 26.Kf2 Bd7 27.Bc3 Bc6 28.Rd3 f6 29.Ke3 Ra4
30.Kd2 Kf7 31.Bb4 Ra8 32.b3 Re8 33.a4 Re6 34.Rd4 g5 35.Bc5 Re8 36.Rd3 Kg6
37.Re3 Rxe3 38.Bxe3 Kf5 39.Kc3 g4 40.Bd4 Ke6 41.Kb4  1-0

[Event "Rishon Le Ziyyon 9798"]
[Site "Rishon Le Ziyyon"]
[Date "1997.12.27"]
[Round "3"]
[White "Karpman, Vadim"]
[Black "Bar, Roman"]
[Result "1-0"]
[WhiteElo "2365"]
[BlackElo "2210"]

1.d4 Nf6 2.c4 e6 3.Nc3 Bb4 4.Nf3 b6 5.g3 O-O 6.Bg2 Bb7 7.O-O Bxc3 8.bxc3 d6
9.a4 a5 10.c5 dxc5 11.dxc5 Nbd7 12.cxb6 Nxb6 13.Qd4 Qc8 14.Bh6 e5 15.Qxe5 Nbd7
16.Qg5 Ne8 17.Qg4 f5 18.Qc4+ Kh8 19.Bf4 Nd6 20.Qd4 Ne4 21.Ne5 c5 22.Qxd7  1-0

[Event "Reggio Emilia9798 40th"]
[Site "Reggio Emilia"]
[Date "1997.12.31"]
[Round "6"]
[White "Efimov, Igor"]
[Black "Tatai, Stefano"]
[Result "1/2-1/2"]
[WhiteElo "2540"]
[BlackElo "2385"]

1.d4 Nf6 2.c4 e6 3.Nc3 Bb4 4.Nf3 O-O 5.g3 d5 6.Qb3 Nc6 7.Bg2 Ne4 8.Qc2 b6
9.O-O Bxc3 10.bxc3 Ba6 11.cxd5 exd5 12.Bf4 Re8 13.Rfe1 Na5 14.Ne5 f6 15.Nd3 Bb7
16.f3 Nd6 17.Nf2 Qe7 18.e4 dxe4 19.fxe4 Nf7 20.Ng4 c5 21.Qf2 cxd4 22.cxd4 Qd7
23.Bh3 Qd8 24.d5 Bc8 25.Rac1 h5 26.Bc7 Qe7 27.d6 Nxd6 28.e5 Bxg4 29.exd6 Qd7
30.Bg2 Rxe1+ 31.Qxe1 Re8 32.Qf1 Qe6 33.h3 Qe3+ 34.Kh2 Bd7 35.Rc2 Qe5 36.Qf3 Kf8
37.Rd2 h4 38.Rd5 Qxg3+ 39.Qxg3 hxg3+ 40.Kxg3 Re5 41.Rxe5  1/2-1/2

[Event "Viking op"]
[Site "Aaland-Stockholm"]
[Date "1997.??.??"]
[Round "?"]
[White "Nielsen, Peter Heine"]
[Black "Sax, Gyula"]
[Result "1/2-1/2"]
[WhiteElo "2515"]
[BlackElo "2570"]

1.d4 Nf6 2.c4 e6 3.Nc3 Bb4 4.Nf3 c5 5.g3 cxd4 6.Nxd4 O-O 7.Bg2 d5 8.cxd5 Nxd5
9.Qb3 Qb6 10.Bxd5 exd5 11.Be3 Nc6 12.Qxd5 Rd8 13.Nxc6 Rxd5 14.Bxb6 bxc6 15.Be3 Bxc3+
16.bxc3 Ba6 17.O-O Bxe2 18.Rfe1 Bc4 19.Bxa7 Ra5 20.Bb6  1/2-1/2

[Event "Andorra op"]
[Site "Andorra"]
[Date "1997.??.??"]
[Round "7"]
[White "Campos Moreno, Javier B"]
[Black "Marin, Mihail"]
[Result "1/2-1/2"]
[WhiteElo "2445"]
[BlackElo "2545"]

1.d4 Nf6 2.c4 e6 3.Nc3 Bb4 4.Nf3 b6 5.Bg5 Bb7 6.e3 h6 7.Bh4 g5 8.Bg3 Ne4
9.Qc2 Bxc3+ 10.bxc3 Nxg3 11.fxg3 g4 12.Nh4 Nc6 13.Bd3 Qf6 14.Qe2 h5 15.a4 Rh6
16.Rb1 d6 17.Be4 O-O-O 18.Bxc6 Bxc6 19.a5 Rg8 20.Ra1 Rg5 21.axb6 axb6 22.Kd2 Qg7
23.Ra7 Rf6 24.c5 dxc5 25.Qa6+ Kd8 26.Rb1 cxd4 27.Rxb6 dxe3+ 28.Ke1 Rf1+ 29.Kxf1 Qf6+
30.Nf3 e2+ 31.Kg1 Qxf3 32.Rb8+ Ke7 33.Rxc7+ Kd6 34.Rxc6+ Qxc6 35.Qxe2 Qxc3
36.Rb1 Rd5 37.Qa6+ Ke7 38.Kh1 f5 39.Qa8 Rd7 40.Qg8 Qd2 41.Rg1 Qh6 42.Rb1 Rc7
43.Rd1 Rd7 44.Rb1 Kf6 45.Re1 Re7 46.Rb1 Qg7 47.Qa8 Kf7 48.Qd8 Qf6 49.Kg1 Ra7
50.Qd1 Kg6 51.Qc1 Rd7 52.Kh1 Qd4 53.Ra1 Rc7 54.Qe1 Qe4 55.Qa5 Rb7 56.Qa2 Kf6
57.Rg1 Kf7 58.Qa1 Kg6 59.Qh8 Rb1 60.Qg8+ Kf6 61.Qf8+ Kg6  1/2-1/2

[Event "AUT-chT2W 9798"]
[Site "Austria"]
[Date "1997.??.??"]
[Round "4"]
[White "Hermann, Ursula"]
[Black "Gross, David"]
[Result "1/2-1/2"]
[WhiteElo "2360"]
[BlackElo "2385"]

1.d4 Nf6 2.c4 e6 3.Nc3 Bb4 4.Nf3 c5 5.g3 cxd4 6.Nxd4 Ne4 7.Qd3 Bxc3+ 8.bxc3 Nc5
9.Qd1 b6 10.Nb5 O-O 11.Nd6 Bb7 12.f3 Nc6 13.Ba3 Ba6 14.e3 Na5 15.Be2 Qc7
16.Qd4 Rfd8 17.Rd1 Ncb7 18.Qg4 Nc5 19.Qh5 Rf8 20.Qe5 g6 21.Qf4 Nab7 22.Nb5 Qc6
23.Kf2 Rad8 24.Rd2 d5 25.Rhd1 dxc4 26.Qxc4 Rxd2 27.Rxd2 Bxb5 28.Qxb5 Qxb5
29.Bxb5 Rc8 30.g4 Kg7 31.h4 Rd8 32.Rxd8 Nxd8 33.Ke2 Ndb7 34.Kd2 Kf8 35.Be2 Ke7
36.Bd3 h6  1/2-1/2

[Event "AUT-chT2S 9697"]
[Site "Austria"]
[Date "1997.??.??"]
[Round "9"]
[White "Starc, Christian"]
[Black "Robatsch, Karl"]
[Result "0-1"]
[WhiteElo "2370"]
[BlackElo "2190"]

1.d4 Nf6 2.c4 e6 3.Nf3 Bb4+ 4.Nc3 c5 5.g3 d5 6.cxd5 Nxd5 7.Bd2 Nc6 8.Nxd5 Bxd2+
9.Qxd2 Qxd5 10.dxc5 Qxc5 11.Rc1 Qb6 12.Qc3 O-O 13.Bg2 Bd7 14.O-O Rac8 15.Rfd1 Nb4
16.Qd4 Qxd4 17.Nxd4 e5 18.a3 Rxc1 19.Rxc1 exd4 20.axb4 Bb5 21.Bf3 Re8 22.Rc7 Kf8
23.Rxb7 Bxe2 24.Bxe2 Rxe2 25.Rd7 Rxb2 26.Rxd4 Ke7 27.Kg2 Ra2 28.Kf3 h5 29.h4 g6
30.Ke3 a6 31.Kf3 Ke6 32.Rc4 Kd5 33.Rc8 Ra3+ 34.Ke2 Ra4 35.Rc7 Rxb4 36.Rxf7 Rb6
37.Ke3 Kc4 38.Ra7 Kb4 39.f3 a5 40.g4 a4 41.gxh5 gxh5 42.Ke4 a3 43.f4 Kb3
44.Kf5 Rb4 45.Kg5 Ra4 46.Re7 a2 47.Re1 a1=Q 48.Rxa1 Rxa1 49.Kxh5 Rg1 50.Kh6 Kc4
51.h5 Kd5 52.f5 Ke5 53.Kh7 Kf6 54.h6 Rh1  0-1

[Event "Wch Seniors"]
[Site "Bad Wildbad"]
[Date "1997.??.??"]
[Round "7"]
[White "Mellenthin, Horst"]
[Black "Baumgartner, Walter"]
[Result "0-1"]
[WhiteElo "1821"]
[BlackElo "2027"]

1.d4 Nf6 2.c4 e6 3.Nc3 Bb4 4.Nf3 b6 5.e3 Ne4 6.Bd2 Bxc3 7.Bxc3 Nxc3 8.bxc3 Bb7
9.Bd3 f5 10.O-O O-O 11.Nd2 Qh4 12.f3 d6 13.Qe1 Qh6 14.e4 f4 15.e5 d5 16.cxd5 exd5
17.c4 Nc6 18.Nb3 a5 19.cxd5 Nb4 20.Be4 Bxd5 21.Nd2 Qe6 22.a3 Bxe4 23.Qxe4 Nd5
24.Rfc1 Rad8 25.Nf1 Rd7 26.Rc2 c6 27.Rac1 Ne7 28.Rc4 g5 29.h3 Rfd8 30.Nh2 b5
31.Ng4 bxc4 32.Nf6+ Kf8 33.Qxh7 Ng8 34.Nxd7+ Rxd7 35.Qe4 Ne7 36.Rb1 Kg7 37.Rb8 Qd5
38.Qb1 Qxd4+ 39.Kh2 Qxe5 40.Re8 Qf6 41.Qb8 c3 42.Qb3 g4 43.fxg4 Qe5  0-1

[Event "Baku"]
[Site "Baku"]
[Date "1997.??.??"]
[Round "3"]
[White "Mirzoev, Azer"]
[Black "Allahverdiev, Anar"]
[Result "1/2-1/2"]
[WhiteElo "2430"]
[BlackElo "2380"]

1.d4 Nf6 2.c4 e6 3.Nc3 Bb4 4.Nf3 c5 5.Qc2 Nc6 6.dxc5 Qa5 7.Bd2 Qxc5 8.e3 d5
9.a3 Bxc3 10.Qxc3 dxc4 11.Bxc4 O-O 12.Qc2 a5 13.Rc1 Rd8 14.O-O b6 15.Be2 Qxc2
16.Rxc2 Bb7 17.Rfc1 Rac8 18.Bb5 Na7 19.Rxc8 Rxc8 20.Rxc8+ Bxc8 21.Bd3 Nc6
22.e4 Nd7 23.Bb5 Bb7 24.Be3 Nc5 25.Nd2 e5 26.f3 Na7 27.Bf1 Nd7 28.a4 Bc6
29.b3 Nc8 30.Nc4 f6 31.g3 Kf7 32.Bh3 Ke8 33.Kf2 Kd8 34.Ke1 Kc7 35.Kd2 Kb7
36.Bf5 h6 37.f4 exf4 38.gxf4 Kc7 39.Kc3 Kb7 40.h4 Kc7 41.e5 Ne7 42.Bc2 Nd5+
43.Kd4 fxe5+ 44.fxe5 Nc5 45.Bf2  1/2-1/2

[Event "Barbera op"]
[Site "Barbera"]
[Date "1997.??.??"]
[Round "7"]
[White "Gonzalez Velez, Fermin"]
[Black "Ayas, Antonio"]
[Result "1/2-1/2"]
[WhiteElo "2400"]
[BlackElo "2310"]

1.d4 Nf6 2.c4 e6 3.Nc3 Bb4 4.Nf3 c5 5.g3 O-O 6.Bg2 cxd4 7.Nxd4 d5 8.cxd5 Nxd5
9.Qb3 Qb6 10.Bxd5 exd5 11.Be3 Qa5 12.Rc1 Nc6 13.O-O Bh3 14.Rfd1 Rfd8 15.Nxc6 bxc6
16.Na4 Rab8 17.Qc2 d4 18.Bxd4 Bf5 19.e4 Bxe4 20.Qxe4 Qxa4 21.b3 Qxa2 22.Bxg7 Rxd1+
23.Rxd1 Qxb3 24.Rb1 Qd5 25.Qf4 Bd6 26.Rxb8+ Bxb8 27.Qxb8+ Kxg7 28.Qxa7 c5
29.Qa1+ f6 30.Qa5 Qd4 31.Qa7+ Kg6 32.h4 Qd1+ 33.Kg2 Qd5+ 34.Kf1 c4 35.Qe3 Qd1+
36.Kg2 Qd5+ 37.f3 Qc6 38.Qe7 h5 39.Qd8 c3 40.Qd3+ Kg7 41.Qc2 Qc5 42.Kf1 Qe3
43.Qe2 Qc5 44.Qc2 Qe3 45.Qe2 Qc5 46.Qc2 Qe3 47.Qe2  1/2-1/2

[Event "Oberliga Bayern9798"]
[Site "Bayern"]
[Date "1997.??.??"]
[Round "?"]
[White "Aulinger, Reimund"]
[Black "Heimrath, Wolfgang"]
[Result "1-0"]
[WhiteElo "2125"]
[BlackElo "2160"]

1.d4 Nf6 2.Nf3 e6 3.c4 Bb4+ 4.Nc3 Bxc3+ 5.bxc3 b6 6.Bg5 Bb7 7.e3 h6 8.Bh4 d6
9.Bd3 Nbd7 10.O-O O-O 11.Nd2 Rc8 12.Qa4 a6 13.f3 Qe8 14.Rfe1 e5 15.Bf5 Rb8
16.Rad1 g6 17.Bh3 g5 18.Bg3 Rd8 19.Bf5 Nb8 20.Qc2 Nc6 21.h4 Qe7 22.hxg5 hxg5
23.Bf2 Nh5 24.g4 Nf6 25.Kg2 Kg7 26.Rh1 Rh8 27.e4 Nd7 28.Rxh8 Rxh8 29.Nf1 Bc8
30.Ng3 Kf8 31.c5 dxc5 32.dxc5 bxc5 33.Qa4 Rh6 34.Qc4 Kg8 35.Bxd7 Bxd7 36.Bxc5 Be6
37.Bxe7 Bxc4 38.Bxg5 Rg6 39.Bd8 Bxa2 40.Bxc7 Be6 41.Nf5 f6 42.Rd6  1-0

[Event "Beersheba 16th"]
[Site "Beersheba"]
[Date "1997.??.??"]
[Round "5"]
[White "Avrukh, Boris"]
[Black "Tyomkin, Dimitri"]
[Result "1-0"]
[WhiteElo "2520"]
[BlackElo "2450"]

1.d4 Nf6 2.c4 e6 3.Nf3 Bb4+ 4.Nc3 Bxc3+ 5.bxc3 b6 6.Bg5 h6 7.Bh4 Bb7 8.Nd2 d6
9.f3 e5 10.e4 c5 11.Be2 Nc6 12.Nb3 Qe7 13.a4 a5 14.Ra2 O-O-O 15.Rb2 Kc7 16.O-O g5
17.Bf2 h5 18.Na1 Rb8 19.Nc2 h4 20.Ne3 Bc8 21.dxc5 dxc5 22.Rd2 Rd8 23.Rxd8 Nxd8
24.Qc1 Be6 25.Nf5 Bxf5 26.Qxg5 Ne6 27.Qxf5 Nd7 28.Rd1 Rg8 29.Bf1 Rg7 30.Kh1 Kc6
31.Qh5 Nf4 32.Qh8 Qf8 33.Qxf8 Nxf8 34.Bxh4 N4g6 35.Bf6 Rh7 36.Bg5 Ne6 37.Be3 f6
38.g3 Ng5 39.Bg2 Nf7 40.h4 Nd6 41.Bf1 Rh8 42.Kg1 Rd8 43.Bh3 Re8 44.h5 Nf8
45.h6 Re7 46.Bc1 Kc7 47.Kf2 Nxc4 48.Bf1 Nd6 49.Bd3 Rh7 50.Rh1 Ne6 51.f4 c4
52.Bc2 Nf7 53.fxe5 Nxe5 54.Ke2 Ng5 55.Rh5 Kd6 56.Be3 Ke6 57.Bxb6 Ngf7 58.Bxa5 Nxh6
59.Bb4 Kf7 60.a5 Kg6 61.Rh1 Ra7 62.Ra1 Nhg4 63.Bc5 Rh7 64.Bg1 Rh1 65.a6 Nc6
66.e5+ f5 67.Rf1 Ne7 68.a7 Rh8 69.Rb1 Nc6 70.Rb6 Nxe5 71.Ba4 Re8 72.Kf1 Kg5
73.Bxc6 Nxc6 74.Rxc6 Kg4 75.Rb6  1-0

[Event "Benasque op"]
[Site "Benasque"]
[Date "1997.??.??"]
[Round "7"]
[White "Parker, Jonathan"]
[Black "Cooper, Lawrence"]
[Result "1-0"]
[WhiteElo "2495"]
[BlackElo "2365"]

1.d4 Nf6 2.c4 e6 3.Nf3 Bb4+ 4.Nc3 Ne4 5.Qc2 f5 6.g3 b6 7.Bg2 Bb7 8.Nd2 d5
9.O-O O-O 10.cxd5 Bxc3 11.bxc3 exd5 12.Ba3 Nxd2 13.Qxd2 Re8 14.Qf4 Qd7 15.c4 Na6
16.Qf3 Rad8 17.Rac1 Qe6 18.e3 Ba8 19.Qe2 dxc4 20.Bxa8 Rxa8 21.Qxc4 Qxc4 22.Rxc4 Re4
23.Rfc1 c5 24.dxc5 Rxc4 25.Rxc4 Nxc5 26.Bxc5 Rc8 27.Ra4 bxc5 28.Rxa7 c4 29.Rd7 c3
30.Rd1 Kf7 31.Kf1 Ra8 32.Rc1 Rxa2 33.Rxc3 Ra6 34.Kg2 Kf6 35.Kf3 Rb6 36.h3 g6
37.g4 Rb4 38.Kg3 Rb6 39.Rc4 h5 40.gxh5 gxh5 41.f3 Kg5 42.h4+ Kf6 43.Kf4 Ra6
44.Rc5 Ra4+ 45.e4 fxe4 46.fxe4 Kg6 47.Rc6+ Kg7 48.Re6 Ra1 49.Kg5 Rg1+ 50.Kxh5 Kf7
51.Re5 Kf6 52.Rg5 Re1 53.e5+ Kf7 54.Kh6 Rh1 55.h5 Ra1 56.Kh7 Rf1 57.h6 Re1
58.Rf5+ Ke6 59.Kg6 Rh1 60.Rh5 Rg1+ 61.Rg5 Ra1 62.h7 Ra8 63.Kg7 Ra7+ 64.Kh6  1-0

[Event "Berliner Sommer"]
[Site "Berlin"]
[Date "1997.??.??"]
[Round "1"]
[White "Schebitz, Stephan"]
[Black "Voitsekhovsky, Stanislav"]
[Result "1-0"]
[WhiteElo "2035"]
[BlackElo "2480"]

1.d4 Nf6 2.c4 e6 3.Nc3 Bb4 4.Nf3 d5 5.Qb3 Nc6 6.Bg5 h6 7.Bxf6 Qxf6 8.e3 dxc4
9.Bxc4 O-O 10.O-O Qe7 11.Qc2 Bd6 12.e4 e5 13.Nd5 Qd8 14.dxe5 Bxe5 15.Rad1 Bd6
16.h3 Bd7 17.Rfe1 Re8 18.Qc3 Ne5 19.Nxe5 Bxe5 20.Qb3 Rb8 21.f4 b5 22.Bf1 Bd6
23.e5 Bc5+ 24.Kh2 c6 25.Nc3 Qe7 26.Ne4 Be6 27.Qg3 Kh8 28.a3 Bd5 29.Nc3 Bc4
30.b4 Bb6 31.Bxc4 bxc4 32.Re4 Rbd8 33.Rd6 Rg8 34.f5 Bc7 35.Rxc6 Rd3 36.Qf4 f6
37.Re6 Qf7 38.Ne2 Re8 39.Qg4 Bxe5+ 40.Nf4 g5 41.R4xe5 Rxe6 42.fxe6 Qc7 43.Ng6+  1-0

[Event "Budapest FS04 GM"]
[Site "Budapest"]
[Date "1997.??.??"]
[Round "2"]
[White "Stocek, Jiri"]
[Black "Ooi Chern Ee"]
[Result "1-0"]
[WhiteElo "2450"]
[BlackElo "2305"]

1.d4 Nf6 2.c4 e6 3.Nc3 Bb4 4.Nf3 O-O 5.Bg5 c5 6.e3 Qa5 7.Bxf6 Bxc3+ 8.bxc3 Qxc3+
9.Nd2 gxf6 10.Rc1 Qa3 11.Ne4 Qa5+ 12.Nc3 cxd4 13.exd4 Nc6 14.Be2 Qg5 15.O-O Qf4
16.d5 Nd4 17.Bh5 e5 18.d6 b6 19.Nd5 Qh6 20.f4 Bb7 21.Ne7+ Kh8 22.Rc3 Rg8
23.Nxg8 Rxg8 24.Rf2 Rg7 25.Rh3 Nf5 26.Bg4 Qg6 27.Bxf5 Qxf5 28.Rg3 exf4 29.Rxg7 Kxg7
30.h3 f3 31.gxf3 Qxh3 32.Rg2+ Kf8 33.Qe1 Qe6 34.Qd2 f5 35.Qg5  1-0

[Event "Budapest FS02 GM"]
[Site "Budapest"]
[Date "1997.??.??"]
[Round "3"]
[White "Nor, Igal"]
[Black "Farago, Ivan"]
[Result "1/2-1/2"]
[WhiteElo "2365"]
[BlackElo "2440"]

1.d4 Nf6 2.c4 e6 3.Nc3 Bb4 4.Nf3 c5 5.e3 O-O 6.Bd3 d5 7.O-O dxc4 8.Bxc4 Nbd7
9.a3 cxd4 10.exd4 Bxc3 11.bxc3 Qc7 12.Qd3 b6 13.Bb3 Bb7 14.Re1 Rac8 15.Bb2 Rfd8
16.Qe2 Bd5 17.Bc2 Qb7 18.Bd3 Bxf3 19.gxf3 Nd5 20.Qd2 Qc7 21.Re4 N5f6 22.Ree1 Nd5
23.Re4 N7f6 24.Rh4 Ne7 25.c4 Ng6 26.Bxg6 fxg6 27.Rc1 Qe7 28.Qe2 g5 29.Rh3 Qf7
30.f4 gxf4 31.Kh1 b5  1/2-1/2

[Event "Budapest FS04 GM"]
[Site "Budapest"]
[Date "1997.??.??"]
[Round "4"]
[White "Stocek, Jiri"]
[Black "Csom, Istvan"]
[Result "1/2-1/2"]
[WhiteElo "2450"]
[BlackElo "2460"]

1.d4 Nf6 2.c4 e6 3.Nc3 Bb4 4.Nf3 b6 5.Bg5 Bb7 6.e3 h6 7.Bh4 c5 8.Bd3 cxd4
9.exd4 Be7 10.O-O O-O 11.Re1 d6 12.Rc1 Nbd7 13.a3 Re8 14.h3 Rc8 15.Bg3 a6
16.b4 Bf8 17.Bh2 Rc7 18.Re3 Qa8 19.Bf1 Rcc8 20.Qb3 Ne4 21.Nxe4 Bxe4 22.Rce1 Bb7
23.Nd2 Nf6 24.a4 a5 25.Rb1 Nd7 26.bxa5 Qxa5 27.Ne4 d5 28.Nd6 Bxd6 29.Bxd6 dxc4
30.Bxc4 Bd5 31.Bxd5 Qxd5 32.Qxd5 exd5 33.Rb5 Re6 34.Bg3 Ra8 35.Rxd5 Nf6 36.Rb5 Rxa4
37.Rxe6 fxe6 38.Rxb6 Rxd4 39.Rxe6 Re4 40.Ra6 Re1+ 41.Kh2 Ne4 42.Bh4 Re2 43.f3 Nc5
44.Ra8+ Kf7 45.Kg1 Ne6 46.Bg3 Kf6 47.Ra5 Nd4 48.Kf1 Re6 49.Be1 Rc6 50.Rd5 Ne6
51.Bd2 Rc2 52.Ke1 Rc4 53.Kf2 Nf4 54.Rd7 Rc2 55.Kf1 Rc4 56.h4 h5 57.g3 Ne6
58.Ke2 Rc7 59.Rd3 Kf7 60.Kf2 Rc2 61.Ke3 Rc7 62.Bb4 Rb7 63.Bd6 Rd7 64.Ke4 g6
65.Ke5 Ng7 66.g4 Ne8 67.Rd4 hxg4 68.Rf4+ Kg7 69.Bf8+ Kg8 70.fxg4 Rf7 71.Bh6 Rxf4
72.Bxf4 Kf7 73.Ke4 Nf6+ 74.Kf3 Ke6  1/2-1/2

[Event "Budapest FS03 IM-B"]
[Site "Budapest"]
[Date "1997.??.??"]
[Round "6"]
[White "Ladanyi, Tibor"]
[Black "Ellers, Holger"]
[Result "0-1"]
[WhiteElo "2280"]
[BlackElo "2260"]

1.d4 e6 2.c4 Nf6 3.Nc3 Bb4 4.Nf3 b6 5.Bg5 Bb7 6.e3 h6 7.Bh4 g5 8.Bg3 Ne4
9.Nd2 Nxg3 10.hxg3 Bxc3 11.bxc3 d6 12.f4 Nd7 13.Nf3 Qf6 14.Qa4 a5 15.c5 dxc5
16.Ne5 O-O-O 17.Nc6 cxd4 18.cxd4 Nc5 19.Qb5 Rd6 20.Nxa5 bxa5 21.Qxc5 gxf4
22.gxf4 Qg6 23.Qe5 Rhd8 24.Rc1 Bd5 25.Kf2 Kd7 26.Qh5 Rg8 27.Qxg6 Rxg6 28.Rh2 Rb6
29.Rc2 a4 30.Bd3 f5 31.g3 a3 32.Rd2 Rb2 33.Ke1 Rxd2 34.Kxd2 Rxg3 35.Rxh6 Bxa2
36.Rh1 Bd5 37.Ra1 a2 38.Bf1 Kd6 39.Bd3 c5 40.dxc5+ Kxc5 41.Rc1+ Kb4  0-1

[Event "Budapest FS02 GM"]
[Site "Budapest"]
[Date "1997.??.??"]
[Round "7"]
[White "Nor, Igal"]
[Black "Lukacs, Peter"]
[Result "0-1"]
[WhiteElo "2365"]
[BlackElo "2470"]

1.d4 Nf6 2.c4 e6 3.Nc3 Bb4 4.Nf3 b6 5.e3 Ne4 6.Qb3 c5 7.Bd3 Bb7 8.d5 Bxc3+
9.bxc3 f5 10.Nd2 Nxd2 11.Bxd2 O-O 12.O-O-O d6 13.f3 Nd7 14.h3 Qe7 15.Rhf1 Ne5
16.Be2 b5 17.e4 bxc4 18.Bxc4 Rfb8 19.Qa4 a5 20.Rfe1 Nxc4 21.Qxc4 Ba6 22.Qa4 Bd3
23.Bf4 fxe4 24.fxe4 c4 25.Re3 Rb1+ 26.Kd2 Rb2+ 27.Ke1 Qf6  0-1

[Event "Budapest FS03 IM-B"]
[Site "Budapest"]
[Date "1997.??.??"]
[Round "8"]
[White "Ladanyi, Tibor"]
[Black "Jovanovic, Sasa D"]
[Result "1/2-1/2"]
[WhiteElo "2280"]
[BlackElo "2385"]

1.d4 Nf6 2.c4 e6 3.Nc3 Bb4 4.Nf3 O-O 5.Bg5 d6 6.e3 Nbd7 7.Be2 e5 8.O-O Bxc3
9.bxc3 Re8 10.Qc2 Nf8 11.c5 h6 12.Bxf6 Qxf6 13.cxd6 cxd6 14.Nd2 b6 15.Bf3 Bf5
16.Qa4 e4 17.Be2 Qg5 18.Kh1 Ng6 19.Qb5 Re7 20.a4 Rc8 21.c4 Nh4 22.Rg1 Qf6
23.Rgf1 Qg6 24.Rg1 Bd7 25.Qb4 Re6 26.a5 Rf6 27.f3 exf3 28.Nxf3 Nf5 29.axb6 axb6
30.Ra7 Be8 31.Qxb6 Nxe3 32.Qb7 Ng4 33.h3 Nf2+ 34.Kh2 Rd8 35.Qe7 Rc8 36.Qb7 Ne4
37.g4 Rd8 38.Rf1 Rd7 39.Qb8 Rxa7 40.Qxa7 Nc3 41.d5 Qe4 42.Qd4 Qc2 43.Rf2 Nxe2
44.Qe3 Ba4 45.Rxe2 Qxc4 46.Rd2 Rf4 47.Kg3 Re4 48.Qa3 Qb4 49.Qxb4 Rxb4 50.Rd4 Rxd4
51.Nxd4 Bd7 52.h4 g5 53.Nf3 f6 54.Nd2 Kf7 55.hxg5 fxg5 56.Ne4 Ke7 57.Kf3 Ba4
58.Ke3 Bc2 59.Nf2 Kf6 60.Kd4 Bg6 61.Nd1 Bc2 62.Ne3 Bb3 63.Nf5 Bd1 64.Nxh6 Bc2
65.Ng8+ Kf7 66.Nh6+ Kg7 67.Nf5+ Bxf5 68.gxf5 Kf7 69.Ke3  1/2-1/2

[Event "Najdorf op"]
[Site "Buenos Aires"]
[Date "1997.??.??"]
[Round "9"]
[White "Slipak, Sergio"]
[Black "Tempone, Marcelo"]
[Result "1-0"]
[WhiteElo "2505"]
[BlackElo "2450"]

1.d4 Nf6 2.c4 e6 3.Nc3 Bb4 4.Nf3 O-O 5.Bg5 c5 6.d5 d6 7.e3 Bxc3+ 8.bxc3 exd5
9.cxd5 Bg4 10.Be2 Nbd7 11.O-O Re8 12.c4 a6 13.a4 Rb8 14.Nh4 Bxe2 15.Qxe2 Qc7
16.Nf5 g6 17.Nh6+ Kg7 18.Qb2 Qd8 19.Rae1 Re5 20.f4 Re4 21.Ng4 Qe7 22.Qc3 h5
23.Nf2 Re8 24.Nxe4 Qxe4 25.Rb1  1-0

[Event "Goodricke op"]
[Site "Calcutta"]
[Date "1997.??.??"]
[Round "1"]
[White "Chiong, Luiz"]
[Black "Roktim, Bandyopadhyay"]
[Result "1-0"]
[WhiteElo "2390"]
[BlackElo "2195"]

1.d4 Nf6 2.c4 e6 3.Nc3 Bb4 4.Nf3 O-O 5.Bg5 b6 6.Qc2 Bb7 7.e3 d6 8.Bd3 h6
9.Bh4 Nbd7 10.O-O Bxc3 11.bxc3 Qe7 12.Nd2 e5 13.f3 g5 14.Bg3 exd4 15.exd4 Rfe8
16.Rfe1 Qf8 17.Nf1 Rxe1 18.Rxe1 Re8 19.Ne3 a5 20.h4 Nh5 21.Bf2 Ndf6 22.Qd2 Nf4
23.Bf1 Bc8 24.hxg5 hxg5 25.g3 Ng6 26.Bd3 g4 27.f4 Qh6 28.Nf5 Qh5 29.Rxe8+ Nxe8
30.Qe2 Bxf5 31.Qxe8+ Kg7 32.Bf1 Qh3 33.Qe3 Qh8 34.c5 dxc5 35.dxc5 bxc5 36.Qxc5 Be4
37.f5 Qe8  1-0

[Event "Goodricke op"]
[Site "Calcutta"]
[Date "1997.??.??"]
[Round "7"]
[White "Chiong, Luiz"]
[Black "Gokhale, Jayant Suresh"]
[Result "1-0"]
[WhiteElo "2390"]
[BlackElo "2320"]

1.d4 Nf6 2.c4 e6 3.Nc3 Bb4 4.Nf3 c5 5.g3 O-O 6.Bg2 cxd4 7.Nxd4 Nc6 8.O-O a6
9.Nc2 Be7 10.e4 Qc7 11.b3 b6 12.Nd5 exd5 13.exd5 Bd6 14.dxc6 dxc6 15.Bb2 Be7
16.Qf3 Bd7 17.Nd4 Rac8 18.Nf5 Bxf5 19.Qxf5 Nd7 20.Rad1 Nc5 21.Be5 Qb7 22.b4 Ne6
23.b5 Rcd8 24.bxc6 Qc8 25.h4 Bc5 26.Be4  1-0

[Event "Goodricke op"]
[Site "Calcutta"]
[Date "1997.??.??"]
[Round "7"]
[White "Zvjaginsev, Vadim"]
[Black "Ehlvest, Jaan"]
[Result "1/2-1/2"]
[WhiteElo "2610"]
[BlackElo "2635"]

1.d4 Nf6 2.c4 e6 3.Nf3 Bb4+ 4.Nc3 b6 5.Bg5 Bb7 6.e3 h6 7.Bh4 c5 8.Bd3 cxd4
9.exd4 Bxf3 10.Qxf3 Nc6  1/2-1/2

[Event "Goodricke op"]
[Site "Calcutta"]
[Date "1997.??.??"]
[Round "9"]
[White "Nenashev, Alexander"]
[Black "Marin, Mihail"]
[Result "1/2-1/2"]
[WhiteElo "2585"]
[BlackElo "2545"]

1.d4 Nf6 2.c4 e6 3.Nc3 Bb4 4.Nf3 c5 5.g3 b6 6.Bg2 Bb7 7.O-O Bxc3 8.bxc3 Nc6
9.dxc5 bxc5 10.Rb1 Na5 11.Bg5 Rc8 12.Qd3 Ba6 13.Nd2 d5 14.Qc2 Bxc4 15.Qa4+ Ke7
16.Nxc4 Nxc4 17.e4 Qd7 18.Qxd7+  1/2-1/2

[Event "Ceske Budejovice op"]
[Site "Ceske Budejovice"]
[Date "1997.??.??"]
[Round "5"]
[White "Furman, Boris"]
[Black "Zvara, Petr"]
[Result "0-1"]
[WhiteElo "2250"]
[BlackElo "2360"]

1.d4 Nf6 2.c4 e6 3.Nc3 Bb4 4.Nf3 d5 5.cxd5 exd5 6.Bg5 h6 7.Bh4 c5 8.e3 Qa5
9.Bxf6 gxf6 10.Nd2 cxd4 11.exd4 Nc6 12.Qf3 Nxd4 13.Qxf6 Bxc3 14.Qxh8+ Ke7
15.Qxh6 Bf5 16.Qe3+ Kd7 17.Qxc3 Re8+ 18.Be2 Qb5 19.Nc4 Rxe2+ 20.Kd1 Qxc4
21.Rf1 Rxb2 22.Qxc4 dxc4  0-1

[Event "KS Sommerskak op"]
[Site "Copenhagen"]
[Date "1997.??.??"]
[Round "?"]
[White "Ward, Christopher"]
[Black "Richardson, John R"]
[Result "0-1"]
[WhiteElo "2490"]
[BlackElo "2360"]

1.d4 Nf6 2.c4 e6 3.Nc3 Bb4 4.Nf3 d5 5.cxd5 exd5 6.Bg5 Nbd7 7.e3 c5 8.Bb5 Qa5
9.Bxd7+ Nxd7 10.O-O Bxc3 11.bxc3 c4 12.Qc2 O-O 13.a4 Qa6 14.Rfb1 Nf6 15.Bxf6 Qxf6
16.Rb5 Rd8 17.a5 Rd6 18.e4 Qg6 19.Ne5 Qxe4 20.Qxe4 dxe4 21.d5 Rd8 22.Nxc4 Rb8
23.Rab1 b6 24.Ne3 f5 25.g3 g5 26.axb6 axb6 27.c4 f4 28.gxf4 gxf4 29.Ng2 Ba6
30.R5b4 Rf8 31.c5 Bd3 32.c6 Bxb1 33.d6 Bd3 34.Ne1 Ra8 35.Nxd3 exd3 36.Kg2 f3+
37.Kg3 Kf7 38.Rd4 Rfd8 39.d7 Ra7 40.Rxd3 Rc7 41.Rxf3+ Ke7 42.Re3+ Kf7 43.Rf3+ Kg7
44.Rc3 Rdxd7  0-1